| 000 | 00374pam a2200157 a 4500 | ||
|---|---|---|---|
| 020 | _c | ||
| 041 | _h | ||
| 082 | _a647.94068 | ||
| 100 |
_aED BY MALCOIM _eAuthor |
||
| 245 |
_aHOSPITALITY, TOURISM AND LEISURE MANAGEMENT _cED BY MALCOIM _hTextual Documents |
||
| 260 | _bCassell | ||
| 300 | _a262 | ||
| 653 | _ahotel management | ||
| 700 | _eCo-Author | ||
| 930 | _a2105 | ||
| 999 |
_c229506 _d229506 |
||